00620nam a2200205Ia 4500020001800000082001500018245006600033260005000099300001400149504001900163650002700182650002300209650004000232650002200272650002000294650002800314700002300342700002800365700002100393 a0-8058-5485-1 a158.1 PER- 0aPersonal project pursuit: goals, action and human flourishing aNew JerseybLawrence Erlbaum Associatesc2006 axxii, 462 aIncludes index aInterpesonal relations aCultural sociology aGoal setting in personal management aGoal (Psychology) aHuman behaviour aPersonality and culture aPhillips, Susan D. aSalmela-Aro, Katariina aLittle, Brian R.